| 000 | 00636nam a2200253Ia 4500 | ||
|---|---|---|---|
| 003 | OSt | ||
| 005 | 20220928101752.0 | ||
| 006 | a|||||r|||| 00| 0 | ||
| 007 | ta | ||
| 008 | 220927b |||||||| |||| 00| 0 eng d | ||
| 024 | _a53822 | ||
| 037 | _cTextual | ||
| 040 |
_aSDCL _cSDCL _beng |
||
| 041 |
_2eng _aeng |
||
| 082 | _aO152,3No31x, K1 | ||
| 100 | _aYashpal | ||
| 245 | 0 | _aDharam yudh. | |
| 250 | _a3rd | ||
| 260 |
_aLucknow _bViplav Karyalaya _c1961 |
||
| 300 |
_a124p. _ccm. |
||
| 490 | _aViplav Prakashan sankhya-.18 | ||
| 942 |
_hO152,3No31x, K1 _cTEXL _2CC |
||
| 999 |
_c710589 _d710589 |
||